000 01051nam a22002655i 4500
001 165402
003 ES-MaACL
005 20250809062601.0
008 991216s1862 sp |||| | spa d
040 _aCCPB | B
_bspa
_cCCPB | B
080 _a17.025
100 1 _aSimon, Jules,
_d1814-1896
_9224189
245 1 3 _aEl deber /
_cobra escrita en frances por Julio Simon ; y traducida de la sesta [sic] edicion por Hilario Abad de Aparicio y Rafael Coronel y Ortiz.
260 _aMadrid :
_b[s.n.],
_c1862 (
_fImprenta de Santiago Aguado)
300 _aVIII, 415 p. ;
_c18 cm.
530 _aDisponible también en sitio web.
650 4 _aDerecho-
_xFilosofía
_911620
650 4 _aDeber.
_9150490
700 1 _aAbad de Aparicio, Hilario
_917922
700 1 _aCoronel y Ortiz, Rafael.
_940692
852 _aES-MaACL
_jG-13880
_z-- Enc. hol.
856 _uhttp://bibliotecadigitalhispanica.bne.es:80/webclient/DeliveryManager?pid=3319960&custom_att_2=simple_viewer
_zIr a la página
999 _c165402
_d165402